Intermediate Accounting (Record no. 33849)
[ view plain ]
| 000 -LEADER | |
|---|---|
| fixed length control field | 00374nam a22001577a 4500 |
| 005 - DATE AND TIME OF LATEST TRANSACTION | |
| control field | 20231010191415.0 |
| 008 - FIXED-LENGTH DATA ELEMENTS--GENERAL INFORMATION | |
| fixed length control field | 231010b |||||||| |||| 00| 0 eng d |
| 082 ## - DEWEY DECIMAL CLASSIFICATION NUMBER | |
| Classification number | 657.044 |
| Item number | KIE-I |
| 100 ## - MAIN ENTRY--AUTHOR | |
| Author Name | Kieso,Donald E. |
| 245 ## - TITLE STATEMENT | |
| Title | Intermediate Accounting |
| 250 ## - EDITION STATEMENT | |
| Edition statement | 11th.ed. |
| 300 ## - PHYSICAL DESCRIPTION | |
| Pages | 1330 |
| 500 ## - GENERAL NOTE | |
| General note | Include Index |
| 650 ## - SUBJECT ADDED ENTRY--TOPICAL TERM | |
| Subject / Department | Accounting |
| 700 ## - ADDED ENTRY--PERSONAL NAME | |
| Personal name | Donald E.Kieso |
| 952 ## - LOCATION AND ITEM INFORMATION (KOHA) | |
| -- | 0 |
| -- | 0 |
| Lost status | Damaged status | Collection code | Permanent Location | Current Location | Shelving Location | Date acquired | Full Call Number | Accession No./Barcode | Date last seen | item type | Koha item type |
|---|---|---|---|---|---|---|---|---|---|---|---|
| Management | Superior Information Resource Center (SIRC) Superior University - City Campus | Superior Information Resource Center (SIRC) Superior University - City Campus | Accounting | 10/10/2023 | 657.044 KIE-I | 20672 | 10/10/2023 | BOOK | BOOK |
